Los Ferrocarriles del Estado: I, Reseña histórica; II, Esplotación; III, Diccionario biográfico
Պահպանված է:
| Հիմնական հեղինակ: | |
|---|---|
| Ձևաչափ: | Գիրք |
| Լեզու: | իսպաներեն |
| Հրապարակվել է: |
Santiago
Imprenta i Encuadernación Chile
1910
|
| Հրատարակություն: | 1a. ed |
| Խորագրեր: | |
| Ցուցիչներ: |
Ավելացրեք ցուցիչ
Չկան պիտակներ, Եղեք առաջինը, ով նշում է այս գրառումը!
|
MARC
| LEADER | 00000nam a2200000 a 4500 | ||
|---|---|---|---|
| 001 | UCJ5776 | ||
| 003 | CL-VaPUC | ||
| 008 | 070124e19100000CL |||||||||||||||||spa|d | ||
| 082 | 0 | 4 | |a 983 |b NUÑ |2 21 |
| 100 | |a Núñez Olaechea, Samuel |e autor |9 511517 | ||
| 245 | 1 | 4 | |a Los Ferrocarriles del Estado: I, Reseña histórica; II, Esplotación; III, Diccionario biográfico |
| 250 | |a 1a. ed | ||
| 300 | |a 328 p | ||
| 942 | |c BK | ||
| 945 | |d 20070124 00:00:00 |a rinostro | ||
| 260 | |a Santiago |b Imprenta i Encuadernación Chile |c 1910 | ||
| 500 | |a Advierte errata | ||
| 600 | 0 | 7 | |a BUDGE, ENRIQUE |2 CL-VaPUC |9 506345 |
| 600 | 0 | 7 | |a MEIGG, ENRIQUE |2 CL-VaPUC |9 511518 |
| 600 | 0 | 7 | |a STUVEN, FEDERICO |2 CL-VaPUC |9 508486 |
| 600 | 0 | 7 | |a WADDINGTON, JOSUE |2 CL-VaPUC |9 509044 |
| 600 | 0 | 7 | |a WHEELWRIGHT, GUILLERMO |2 CL-VaPUC |9 315178 |
| 650 | 0 | |a Ferrocarriles |9 260933 | |
| 650 | 7 | |a TRANSPORTE |2 CL-VaPUC |9 256365 | |
| 650 | 0 | |a Ingeniería |9 259380 | |
| 650 | 0 | |a Obras públicas |9 261125 | |
| 650 | 7 | |a BIOGRAFIA |2 CL-VaPUC |9 504622 | |
| 650 | 7 | |a DICCIONARIO |2 CL-VaPUC |9 511519 | |
| 650 | 0 | |a Iconografía |9 267998 | |
| 650 | 7 | |a DOCUMENTOS |2 CL-VaPUC |9 366450 | |
| 650 | 0 | |a Historia de Chile |9 265473 | |
| 583 | |a last modification |c 20070124 00:00:00 |k Rodrigo Vera | ||
| 999 | |c 321885 |d 321883 | ||
| 952 | |0 0 |1 0 |4 0 |6 983_000000000000000_NUÑ_1910 |7 0 |8 X |9 400759 |a FDOBUD |b FDOBUD |d 2019-11-22 |i 1039601 |o 983 NUÑ 1910 |p 1039601 |r 2019-11-22 |w 2019-11-22 |y BK_X |k BUD | ||